| 000 | 01122cam a22002894a 4500 | ||
|---|---|---|---|
| 001 | 11851095 | ||
| 003 | OSt | ||
| 005 | 20160419142724.0 | ||
| 008 | 991129s2000 nyua b 001 0 eng | ||
| 010 | _a 99059934 | ||
| 020 | _a0716735105 | ||
| 040 |
_aDLC _cDLC _dDLC |
||
| 042 | _apcc | ||
| 050 | 0 | 0 |
_aQA279 _b.O34 2000 |
| 082 | 0 | 0 |
_a531 _221 _bOEH 2000 |
| 100 | 1 |
_aOehlert, Gary W. _98082 |
|
| 245 | 1 | 2 |
_aA first course in design and analysis of experiments / _cGary W. Oehlert. |
| 260 |
_aNew York : _bW.H. Freeman, _c2000. |
||
| 300 |
_axvii, 659 p. : _bill. ; _c24 cm. |
||
| 504 | _aIncludes bibliographical references and index. | ||
| 650 | 0 |
_aExperimental design. _97425 |
|
| 856 | 4 | 2 |
_3Publisher description _uhttp://www.loc.gov/catdir/enhancements/fy0811/99059934-d.html |
| 856 | 4 | 1 |
_3Table of contents only _uhttp://www.loc.gov/catdir/enhancements/fy0811/99059934-t.html |
| 906 |
_a7 _bcbc _corignew _d1 _eocip _f19 _gy-gencatlg |
||
| 942 |
_2ddc _cSLOAN |
||
| 999 |
_c3627 _d3627 |
||